000 00871nam a2200193 a 4500
008 120416s1989 ||||||||||||||||| || u
020 _a1850915148
050 _aHD 62.7 Bla
100 _aBlackwell, Edward
245 1 0 _aHow to prepare a business plan
260 _aLondon
_bKogan Page
_c1989
300 _a144 pages : illustrations
350 _a0.00
650 0 _aBUSINESS
650 0 _aSMALL BUSINESS
995 _aBINDERY (DAMAGED)
_D0.00
_e721853
_FCBU-MAIN LIBRARY (Kitwe)
_H2
_I6.99
_jHD 62.7 Bla
_M1
_UDAMAGED
_y003874
_ZMain Library Open Access Collection
995 _aMAIN LIBRARY OPEN ACCESS
_D0.00
_e721852
_FCBU-MAIN LIBRARY (Kitwe)
_H1
_I6.99
_jHD 62.7 Bla
_M2
_ULOST
_y020670
_ZMain Library Open Access Collection
995 _aMAIN LIBRARY OPEN ACCESS
_D0.00
_e721851
_FCBU-MAIN LIBRARY (Kitwe)
_H3
_I6.99
_jHD 62.7 Bla
_M3
_ULOST
_y721851
_ZMain Library Open Access Collection
999 _c76388
_d76388